Ganadería subtropical argentina : experiencia con vacunos /

Guardado en:
Autor Principal: Carrazzoni, José Andres
Formato: Libro
Publicado: Buenos Aires : Hemisferio Sur, 1982
Series:Producción animal
Materias:
Etiquetas: Agregar Etiqueta
Sin Etiquetas, Sea el primero en etiquetar este registro!
LEADER 02712nam a22002655a 4500
001 CEM.cems017842
005 20120906124626.0
008 130507s1982##################000#0#####d
003 CEMS
020 |a 9500042363 
082 0 4 |a 636.2 
100 1 |a Carrazzoni, José Andres 
245 1 0 |a Ganadería subtropical argentina :  |b experiencia con vacunos /  |c José Andres Carrazzoni 
260 |a Buenos Aires :  |b Hemisferio Sur,  |c 1982 
300 |a 231 p. 
490 0 |a Producción animal 
505 0 |a Region subtropical argentina -- Suelo -- Agua -- Pasturas -- Ganadería vacuna -- Manejo -- Servico y preñez -- Parición y lactancia -- Destere -- Engorde o invernada -- Evaluación de reses -- Selección y cruzamientos -- Sanidad -- Zona donde se realizaron los trabajos -- Trabajos con la cría -- Cría en Formosa e invernada en Santa Fe, resultados de 110.000 palpaciones rectales efectuadas con la ganadería del noroeste argentino / José A. Carrazzoni, Holderico Calace Gallo y Jorge A. Claus -- Relación entre las vitaminas A, D,E y el celo -- Relación entre las vitaminas A, D, E y la preñez -- Resultados del empleo de toros Brahman y Nelore -- Relación entre el pelo y la preñez -- Influencia de la raza del toro sobre los porcentajes de preñez -- Empleo de toros media sangre Cebú sobre vaquillas de origen británico -- Diferencias entre preñez y marcación en la explotación vacuna -- Mortalidad vacuna en las regiones chaqueña y pampeana -- Influencia del destete temprano en vaquillonas de segungo servicio -- Inseminación artificial con semen diluido con agua de coco conservado a temperatura ambiente / José A. Carrazzoni y Oscar Bojanovich -- Miiasis y parición en Chaco y Formosa / José A. Carrazzoni y Florencio Almazán -- Brucelosis y teberculosis en reproductores bovinos de la provincia de Formosa / José A. Carrazzoni, José M. Faraoni y Mario Pesolano -- Conjutivitis y queratoconjutivitis en vacunos / José A. Carrazzoni y Florencio Almazón -- Trabajos con destete -- Tratamientos con destete con sangre Cebú y sin ella -- Combinación de fortificantes con un antiparasitario en terneras atrasadas -- Influencia del origen, la edad y la suplementación al momento del destete -- Trabajos con la invernada -- Engorde comparado de novillos -- Tratamiento para engordar novillos en avena -- Vitaminas A, D3 , E y otros factores en el engorde de novillos -- Futuro de la ganadería subtropical argentina 
653 |a Bovinos 
653 |a Ganadería vacuna 
653 |a Producción vacuna 
653 |a Ganadería subtropical argentina 
653 |a Engorde 
653 |a Destete 
653 |a Invernada 
859 |a CEMS  |b BIB. CEMS - Agricultura  |h 636.2  |i C231  |p A1583.12  |t Ej.1